Statistics for World Cities by Letter C - Picture Quiz

Click here to take the quiz!

General Stats

  • This quiz has been taken 92 times
  • The average score is 8 of 18

Answer Stats

Answer% Correct
Chicago
91%
Copenhagen
86%
Cologne
72%
Cape Town
67%
Conakry
62%
Cleveland
56%
Cambridge
44%
Cardiff
42%
Caracas
40%
Chennai
37%
Chernobyl
37%
Calgary
32%
Cairo
28%
Chittagong
22%
Casablanca
17%
Cork
17%
Colombo
14%
Ciudad Juárez
10%

Score Distribution

Percentile by Number Answered

Percent of People with Each Score

Your Score History

You have not taken this quiz